00541 a2200157 4500020002300000035001300023037004700036082001200083100002300095245004800118260004500166270008200211300003400293500003100327500002500358 a0706993462c345.00 aB-211661 bRP-RKP-185 / PANSY-07-08:10 / RP-07-08:ENG14a581.0121 aSubrahmanyam, N.S.1 aModern plant taxonomycby N.S. Subrahmanyam aNew DelhibVikas Publishing Housec2007r a576, Majid Road, JangpurabNew DelhicDelhie110014k01204078900l01204078999 axvi, 494 pbillc24 cm (pbk) aincludes appendix & index aThis is reprint 2007